00250nam a2200097Ia 4500082000800000245002600008100002800034942003000062008004100092999001900133 aFRI 0aAnderkant die newels  aFritz, Bennie 9106263 cBKy296zPhillipina Naude210825s9999 xx 000 0 und d c518311d518310